Cyclisme : Equipes Pro Team 2026 - Statistiques

Statistiques générales
  • Ce quiz a été pris 9 fois
  • Le résultat moyen est 6 sur 16
Statistiques - réponses
Pays Equipe % Correct
France Cofidis
88%
France TotalEnergies
88%
Suisse Tudor
88%
Belgique Flanders - Baloise
63%
Espagne Kern Pharma
63%
Suisse Pinarello - Q36.5
50%
Italie Polti VisitMalta
50%
France Unibet Rose Rockets
50%
Espagne Euskatel - Euskadi
25%
Italie Bardiani - CSF 7 Saber
13%
Espagne Burgos Burpellet BH
13%
Etats-Unis Modern Adventure Pro Cycling
13%
Etats-Unis Novo Nordisk
13%
Italie Solution Tech NIPPO Rali
13%
Espagne Caja Rujal - Seguros RGA
0%
Hongrie MBH Bank CSB Telecom Fort
0%
Aucun quiz correspondant
Distribution des résultats
% des personnes avec chaque résultat
Percentile par nombre de réponses
Votre historique - résultats
Vous n’avez pas pris ce quiz